[Event "Sofia Accedia op"]
[Site "Sofia"]
[Date "2023.03.25"]
[Round "2"]
[White "Kolovski, Marsel"]
[Black "Stefanov, Plamen"]
[Result "0-1"]
[WhiteElo "1458"]
[BlackElo "2110"]
[PlyCount "76"]
[EventDate "2023.03.25"]
[EventType "swiss"]
[EventRounds "9"]
[EventCountry "BUL"]
[SourceTitle "CBM 213 Extra"]
[Source "ChessBase"]
[SourceDate "2023.05.31"]
[SourceVersion "1"]
[SourceVersionDate "2023.05.31"]
[SourceQuality "1"]

1. e4 d5 2. exd5 Nf6 3. d4 Nxd5 4. Nf3 Bg4 5. Be2 e6 6. h3 Bh5 7. Nbd2 Be7 8. Nb3 0-0 9. 0-0 Nc6 10. c3 a6 11. Bd2 Rb8 12. Qc2 b5 13. a3 a5 14. Bxb5 Rxb5 15. c4 Rxb3 16. cxd5 Rxf3 17. dxc6 Rf6 18. Bxa5 Bd6 19. b4 Rg6 20. Kh1 Qg5 21. Qe4 Rf6 22. a4 Rf4 23. Qe3 Bf3 24. gxf3 Qh4 25. Kg2 Rf6 26. Rh1 Rd8 27. Rag1 Rf4 28. Rd1 Qg5+ 29. Kf1 Qf6 30. Rd3 Qf5 31. Ke2 Qd5 32. Rg1 g6 33. Rg4 Rxg4 34. fxg4 Qxc6 35. b5 Qc2+ 36. Bd2 Qxa4 37. Rb3 Bf8 38. Rb4 Bxb4 0-1

[Event "Sofia Accedia op"]
[Site "Sofia"]
[Date "2023.03.25"]
[Round "7"]
[White "Stefanov, Plamen"]
[Black "Dimitrov, Stefan1111"]
[Result "1-0"]
[WhiteElo "2110"]
[BlackElo "1818"]
[PlyCount "118"]
[EventDate "2023.03.25"]
[EventType "swiss"]
[EventRounds "9"]
[EventCountry "BUL"]
[SourceTitle "CBM 213 Extra"]
[Source "ChessBase"]
[SourceDate "2023.05.31"]
[SourceVersion "1"]
[SourceVersionDate "2023.05.31"]
[SourceQuality "1"]

1. e4 c5 2. Nf3 d6 3. Bb5+ Nc6 4. Bxc6+ bxc6 5. 0-0 Nf6 6. Re1 e5 7. c3 Be7 8. d4 cxd4 9. cxd4 Qc7 10. Qc2 0-0 11. Nc3 Ba6 12. Nd5 Nxd5 13. exd5 c5 14. dxe5 dxe5 15. Nxe5 Bd6 16. Nf3 Bb7 17. Rd1 Rac8 18. Be3 a5 19. Rac1 Rfd8 20. g3 c4 21. Ng5 g6 22. Ne4 Be5 23. d6 Bxd6 24. Nf6+ Kg7 25. Ng4 Be7 26. Bh6+ Kg8 27. Qc3 Rxd1+ 28. Rxd1 f6 29. Nxf6+ Bxf6 30. Qxf6 Re8 31. Be3 Qc6 32. Qxc6 Bxc6 33. Rd4 Bb5 34. h3 h5 35. Rd5 Rb8 36. Bd4 Kf7 37. Rc5 Ke6 38. f4 Kd6 39. Kf2 a4 40. a3 Ba6 41. Rg5 Rg8 42. f5 Kd5 43. Bc3 Bc8 44. fxg6+ Ke4 45. Re5+ Kd3 46. Rd5+ Kc2 47. Rd6 Bxh3 48. Ke3 Bf5 49. g7 Re8+ 50. Kd4 Bd3 51. Rf6 Rg8 52. Rf7 Bg6 53. Rd7 Bf5 54. Rc7 Bd3 55. Ke5 Bg6 56. Kf6 Be8 57. Re7 Kd3 58. Rxe8 Rxe8 59. Kf7 Rc8 1-0

[Event "Titled Tuesday intern op 19th Apr Early"]
[Site "Chess.com INT"]
[Date "2022.04.19"]
[Round "5"]
[White "Stefanov, Plamen"]
[Black "Bilych, Olexiy"]
[Result "0-1"]
[WhiteElo "2077"]
[BlackElo "2342"]
[PlyCount "106"]
[EventDate "2022.04.19"]
[EventType "swiss (blitz)"]
[EventRounds "11"]
[EventCountry "USA"]
[SourceTitle "EXT 2023"]
[Source "ChessBase"]
[SourceDate "2022.10.05"]
[SourceVersion "1"]
[SourceVersionDate "2022.10.05"]
[SourceQuality "1"]

1. e4 c5 2. Nf3 d6 3. d4 cxd4 4. Nxd4 Nf6 5. Nc3 a6 6. h3 e5 7. Nde2 h5 8. g3 b5 9. Bg2 Nbd7 10. Be3 Bb7 11. Nd5 Bxd5 12. exd5 g6 13. 0-0 Bg7 14. c3 0-0 15. Qd2 Nb6 16. b3 Rc8 17. Rad1 Re8 18. Bg5 Qc7 19. Kh2 e4 20. f3 exf3 21. Bxf3 Nfxd5 22. Nf4 Ne3 23. Nd5 Nbxd5 24. Bxd5 Nxd5 25. Qxd5 Re5 26. Qd2 Qxc3 27. Bf4 Qxd2+ 28. Rxd2 Re4 29. Bxd6 Rd8 30. Rfd1 Bh6 31. Bf4 Rxd2+ 32. Rxd2 Bxf4 33. gxf4 Rxf4 34. Kg3 Rf5 35. Rd6 a5 36. Ra6 b4 37. Ra8+ Kg7 38. Ra7 Rd5 39. Ra6 f6 40. Ra7+ Kh6 41. Ra6 Kg5 42. Ra7 h4+ 43. Kf3 f5 44. Ra6 Rd3+ 45. Ke2 Rxh3 46. Rxa5 Rg3 47. Ra4 h3 48. Kf2 h2 49. Kxg3 h1Q 50. Kf2 Qe4 51. a3 Qc2+ 52. Kf1 bxa3 53. Rxa3 Qc1+ 0-1

[Event "Titled Tuesday intern op 08th Mar Early"]
[Site "Chess.com INT"]
[Date "2022.03.08"]
[Round "11"]
[White "Necula, Iulian"]
[Black "Stefanov, Plamen"]
[Result "1-0"]
[WhiteElo "1890"]
[BlackElo "2077"]
[PlyCount "67"]
[EventDate "2022.03.08"]
[EventType "swiss (blitz)"]
[EventRounds "11"]
[EventCountry "USA"]
[SourceTitle "CBM 207 Extra"]
[Source "ChessBase"]
[SourceDate "2022.05.31"]
[SourceVersion "1"]
[SourceVersionDate "2022.05.31"]
[SourceQuality "1"]

1. b4 Nf6 2. Bb2 g6 3. Nf3 Bg7 4. c4 0-0 5. g3 c6 6. Bg2 d5 7. cxd5 cxd5 8. 0-0 Nc6 9. b5 Qb6 10. Na3 Na5 11. Bd4 Qd8 12. Rb1 b6 13. Bc3 Nb7 14. Nd4 Nd6 15. Nc6 Qd7 16. Nb4 e6 17. d3 Bb7 18. e4 Nxb5 19. Nxb5 Qxb5 20. Nxd5 Nxd5 21. Rxb5 Nxc3 22. Qb3 Ne2+ 23. Kh1 Nd4 24. Qb1 Nxb5 25. Qxb5 Rfd8 26. Rd1 Bd4 27. f4 a5 28. e5 Bxg2+ 29. Kxg2 Rac8 30. Rd2 Rd5 31. Qa6 Rc1 32. Kh3 h6 33. Qc8+ Kg7 34. Qxc1 1-0

[Event "Titled Tuesday intern op 08th Mar Early"]
[Site "Chess.com INT"]
[Date "2022.03.08"]
[Round "6"]
[White "Stefanov, Plamen"]
[Black "De Arruda, Leandro Formes"]
[Result "1-0"]
[WhiteElo "2077"]
[BlackElo "1980"]
[PlyCount "89"]
[EventDate "2022.03.08"]
[EventType "swiss (blitz)"]
[EventRounds "11"]
[EventCountry "USA"]
[SourceTitle "CBM 207 Extra"]
[Source "ChessBase"]
[SourceDate "2022.05.31"]
[SourceVersion "1"]
[SourceVersionDate "2022.05.31"]
[SourceQuality "1"]

1. e4 e5 2. Nf3 Nc6 3. Bc4 Bc5 4. d3 Nf6 5. 0-0 0-0 6. c3 d5 7. exd5 Nxd5 8. h3 Rb8 9. Qe2 Re8 10. Re1 Na5 11. Bb5 Bd7 12. Bxd7 Qxd7 13. b3 Nc6 14. b4 Bd6 15. a3 Nf4 16. Bxf4 exf4 17. Qd1 Rxe1+ 18. Qxe1 Re8 19. Qf1 Ne5 20. Nbd2 Ng6 21. Ne4 a6 22. Re1 h6 23. d4 Rd8 24. c4 Qa4 25. c5 Bf8 26. Qd3 Ne7 27. Ne5 Nd5 28. Qf3 a5 29. Qh5 g6 30. Nxg6 fxg6 31. Qxg6+ Bg7 32. Qe6+ Kh7 33. Qf5+ Kg8 34. Nd6 cxd6 35. Qxd5+ Kh8 36. cxd6 Qd7 37. Re6 axb4 38. axb4 b6 39. b5 Qf7 40. Qe4 Kg8 41. Re7 Qf6 42. d7 Kf8 43. Re8+ Kf7 44. Qd5+ Kg6 45. Re6 1-0

[Event "Titled Tuesday intern op 08th Mar Early"]
[Site "Chess.com INT"]
[Date "2022.03.08"]
[Round "8"]
[White "Stefanov, Plamen"]
[Black "Piliczewski, Bogusz"]
[Result "0-1"]
[WhiteElo "2077"]
[BlackElo "1938"]
[PlyCount "126"]
[EventDate "2022.03.08"]
[EventType "swiss (blitz)"]
[EventRounds "11"]
[EventCountry "USA"]
[SourceTitle "CBM 207 Extra"]
[Source "ChessBase"]
[SourceDate "2022.05.31"]
[SourceVersion "1"]
[SourceVersionDate "2022.05.31"]
[SourceQuality "1"]

1. e4 c6 2. Nf3 d5 3. e5 Bg4 4. d4 e6 5. Be2 c5 6. c3 Nc6 7. 0-0 Rc8 8. dxc5 Bxc5 9. Nd4 Bxe2 10. Nxc6 Bxd1 11. Nxd8 Be2 12. Re1 Ba6 13. Nxf7 Kxf7 14. a4 b6 15. b4 Be7 16. b5 Bb7 17. a5 bxa5 18. Rxa5 Bc5 19. Be3 Bb6 20. Bxb6 axb6 21. Ra7 Rc7 22. Nd2 Ne7 23. Nb3 Ra8 24. Rxa8 Bxa8 25. Ra1 Bb7 26. Nd4 Rxc3 27. f4 Nc8 28. Kf2 Rc4 29. Ke3 Ke7 30. Kd3 Kd7 31. g4 g6 32. h4 Rc5 33. Rh1 Ne7 34. h5 Rc8 35. hxg6 hxg6 36. Rh7 Rf8 37. Ke3 Bc8 38. Nc6 Re8 39. Kd4 Bb7 40. f5 gxf5 41. gxf5 exf5 42. e6+ Kxe6 43. Rh6+ Kd7 44. Rh7 Bxc6 45. bxc6+ Kxc6 46. Ke5 Nc8+ 47. Kxf5 Nd6+ 48. Kf4 Re4+ 49. Kf3 b5 50. Kf2 b4 51. Rh3 Kc5 52. Rb3 Kc4 53. Rb1 b3 54. Rc1+ Kb4 55. Rb1 Nc4 56. Ra1 b2 57. Rb1 Kc3 58. Kf3 Kc2 59. Rxb2+ Kxb2 60. Kg3 Kc3 61. Kh3 Kd3 62. Kg3 Ke3 63. Kh3 Kf2 0-1

[Event "Titled Tuesday intern op 01st Mar Early"]
[Site "Chess.com INT"]
[Date "2022.03.01"]
[Round "7"]
[White "Budrewicz, Krzysztof"]
[Black "Stefanov, Plamen"]
[Result "1-0"]
[WhiteElo "2183"]
[BlackElo "2077"]
[PlyCount "97"]
[EventDate "2022.03.01"]
[EventType "swiss (blitz)"]
[EventRounds "11"]
[EventCountry "USA"]
[SourceTitle "CBM 207 Extra"]
[Source "ChessBase"]
[SourceDate "2022.05.31"]
[SourceVersion "1"]
[SourceVersionDate "2022.05.31"]
[SourceQuality "1"]

1. d4 Nf6 2. c4 c5 3. d5 b5 4. Nf3 b4 5. a3 bxa3 6. Rxa3 d6 7. g3 g6 8. Bg2 Bg7 9. 0-0 0-0 10. Nc3 Nbd7 11. h3 a5 12. e4 Ba6 13. b3 Ng4 14. Bd2 Nge5 15. Ne1 f5 16. f4 Nf7 17. exf5 gxf5 18. Nf3 Nf6 19. Re1 Ra7 20. Qc2 Nh6 21. Ng5 Qb6 22. Ne6 Rf7 23. Bf3 Kh8 24. Kg2 Nfg8 25. Nxg7 Rxg7 26. Kh2 Bc8 27. Nb5 Ra8 28. Bc3 Nf6 29. Qb2 Nhg8 30. Rea1 Bd7 31. Rxa5 Rxa5 32. Rxa5 e6 33. dxe6 Bxb5 34. Rxb5 Qd8 35. Bd5 h5 36. Rb7 Rxb7 37. Bxb7 Kh7 38. Bf3 Qe7 39. Qe2 Qg7 40. Bb2 h4 41. gxh4 Qe7 42. h5 Ne8 43. Bd5 Ng7 44. Ba1 Nf6 45. h6 Ngh5 46. Bf3 Kxh6 47. Bxh5 Nxh5 48. Qe3 Qh4 49. e7 1-0

[Event "Titled Tuesday intern op 01st Mar Early"]
[Site "Chess.com INT"]
[Date "2022.03.01"]
[Round "8"]
[White "Stefanov, Plamen"]
[Black "Devaev, Alexander"]
[Result "0-1"]
[WhiteElo "2077"]
[BlackElo "2325"]
[PlyCount "60"]
[EventDate "2022.03.01"]
[EventType "swiss (blitz)"]
[EventRounds "11"]
[EventCountry "USA"]
[SourceTitle "CBM 207 Extra"]
[Source "ChessBase"]
[SourceDate "2022.05.31"]
[SourceVersion "1"]
[SourceVersionDate "2022.05.31"]
[SourceQuality "1"]

1. e4 c6 2. d4 d5 3. e5 Bf5 4. Nf3 e6 5. Be2 Nd7 6. h3 h6 7. g4 Bh7 8. 0-0 Ne7 9. Bd3 Bxd3 10. Qxd3 c5 11. c3 Qb6 12. Nbd2 h5 13. Qe3 hxg4 14. hxg4 Ng6 15. Nb3 Be7 16. Kg2 0-0-0 17. Bd2 Nh4+ 18. Nxh4 Rxh4 19. Qg3 Rdh8 20. Rh1 c4 21. Rxh4 Bxh4 22. Rh1 Bxg3 23. Rxh8+ Kc7 24. Nc5 Nxc5 25. dxc5 Qxb2 26. Be3 Bxe5 27. Rf8 Qxc3 28. Rxf7+ Kc6 29. Re7 d4 30. Rxe6+ Kd5 0-1

[Event "Titled Tuesday intern op 01st Mar Early"]
[Site "Chess.com INT"]
[Date "2022.03.01"]
[Round "5"]
[White "Stefanov, Plamen"]
[Black "Poormosavi, Seyed Kian"]
[Result "0-1"]
[WhiteElo "2077"]
[BlackElo "2229"]
[PlyCount "112"]
[EventDate "2022.03.01"]
[EventType "swiss (blitz)"]
[EventRounds "11"]
[EventCountry "USA"]
[SourceTitle "CBM 207 Extra"]
[Source "ChessBase"]
[SourceDate "2022.05.31"]
[SourceVersion "1"]
[SourceVersionDate "2022.05.31"]
[SourceQuality "1"]

1. e4 c6 2. d4 d5 3. e5 c5 4. c3 Nc6 5. Bb5 Qb6 6. Bxc6+ bxc6 7. Ne2 cxd4 8. cxd4 e6 9. 0-0 c5 10. Nbc3 c4 11. b3 cxb3 12. axb3 Ne7 13. Ba3 Nc6 14. Bxf8 Kxf8 15. Qc2 Bd7 16. Na4 Qb4 17. Nc5 Be8 18. Ra4 Qb5 19. f4 Rc8 20. f5 Nxd4 21. Nxd4 Qxc5 22. Qxc5+ Rxc5 23. fxe6 Bxa4 24. Rxf7+ Ke8 25. Rxa7 Rf8 26. Ra8+ Ke7 27. Rxf8 Kxf8 28. bxa4 g6 29. Kf2 Ke7 30. Ke3 Rc3+ 31. Kd2 Rc4 32. Kd3 Rxa4 33. g3 h5 34. Ke3 Ra3+ 35. Kf4 Ra4 36. Ke3 Rc4 37. h4 Ra4 38. Ne2 Kxe6 39. Nf4+ Kxe5 40. Nxg6+ Kf5 41. Ne7+ Ke6 42. Nc6 Rg4 43. Kf3 d4 44. Nb4 Kf5 45. Nd3 Re4 46. Nf4 Re3+ 47. Kf2 Kg4 48. Ne2 Rxe2+ 49. Kxe2 Kxg3 50. Kd3 Kxh4 51. Kxd4 Kg3 52. Ke3 h4 53. Ke2 Kg2 54. Ke3 h3 55. Kf4 h2 56. Kg4 h1Q 0-1

[Event "Titled Tuesday intern op 22nd Feb Early"]
[Site "Chess.com INT"]
[Date "2022.02.22"]
[Round "8"]
[White "Krylov, Ivan"]
[Black "Stefanov, Plamen"]
[Result "1-0"]
[WhiteElo "2426"]
[BlackElo "2077"]
[PlyCount "65"]
[EventDate "2022.02.22"]
[EventType "swiss (blitz)"]
[EventRounds "11"]
[EventCountry "USA"]
[SourceTitle "CBM 207 Extra"]
[Source "ChessBase"]
[SourceDate "2022.05.31"]
[SourceVersion "1"]
[SourceVersionDate "2022.05.31"]
[SourceQuality "1"]

1. e4 d5 2. exd5 Nf6 3. c4 e6 4. dxe6 Bxe6 5. Be2 Qe7 6. d3 Nc6 7. Nf3 0-0-0 8. 0-0 Bxc4 9. Qc2 Ba6 10. a3 Qd7 11. b4 Bxd3 12. Bxd3 Qxd3 13. Qa4 a6 14. Be3 Bd6 15. h3 Qb5 16. Qb3 Ne5 17. Nd4 Qc4 18. Qa4 Nd3 19. Nd2 Qd5 20. Qc2 Ne5 21. Rac1 Kb8 22. b5 axb5 23. Rb1 Nc4 24. Rxb5 Nxe3 25. Rxb7+ Qxb7 26. fxe3 Qd5 27. Rb1+ Kc8 28. Qb2 Kd7 29. N2f3 Rb8 30. Qc1 Rxb1 31. Qxb1 Ne4 32. Qc1 f5 33. Nc2 1-0

[Event "Titled Tuesday intern op 22nd Feb Early"]
[Site "Chess.com INT"]
[Date "2022.02.22"]
[Round "3"]
[White "Vifleemskaia, Svetlana"]
[Black "Stefanov, Plamen"]
[Result "0-1"]
[WhiteElo "1926"]
[BlackElo "2077"]
[PlyCount "72"]
[EventDate "2022.02.22"]
[EventType "swiss (blitz)"]
[EventRounds "11"]
[EventCountry "USA"]
[SourceTitle "CBM 207 Extra"]
[Source "ChessBase"]
[SourceDate "2022.05.31"]
[SourceVersion "1"]
[SourceVersionDate "2022.05.31"]
[SourceQuality "1"]

1. d4 Nf6 2. c4 c5 3. d5 b5 4. Nd2 a6 5. e4 d6 6. cxb5 g6 7. b3 Bg7 8. Bb2 0-0 9. Ngf3 Bg4 10. Qc2 Bxf3 11. Nxf3 Nxe4 12. Bxg7 Qa5+ 13. Ke2 Kxg7 14. Qxe4 Nd7 15. Nd2 Nf6 16. Qd3 axb5 17. f3 e6 18. dxe6 Rfe8 19. Kf2 Rxe6 20. Be2 Rae8 21. Rhe1 c4 22. bxc4 bxc4 23. Nxc4 Qc5+ 24. Kf1 d5 25. Nd2 Re3 26. Qb1 Qd4 27. Nb3 Qh4 28. h3 Nh5 29. Qb2+ f6 30. Kg1 Nf4 31. Nd4 Qg3 32. Bf1 Nxh3+ 33. Kh1 Rxe1 34. Rxe1 Rxe1 35. Qb7+ Kh6 36. Qb5 Qf2 0-1

[Event "Titled Tuesday intern op 15th Feb Early"]
[Site "Chess.com INT"]
[Date "2022.02.15"]
[Round "5"]
[White "Klyashtorny, Vladislav"]
[Black "Stefanov, Plamen"]
[Result "1-0"]
[WhiteElo "2403"]
[BlackElo "2077"]
[PlyCount "71"]
[EventDate "2022.02.15"]
[EventType "swiss (blitz)"]
[EventRounds "11"]
[EventCountry "USA"]
[SourceTitle "CBM 206 Extra"]
[Source "ChessBase"]
[SourceDate "2022.03.31"]
[SourceVersion "1"]
[SourceVersionDate "2022.03.31"]
[SourceQuality "1"]

1. e4 d5 2. exd5 Nf6 3. Nc3 Nxd5 4. g3 Bf5 5. Bg2 c6 6. Nge2 Nb4 7. d3 Bxd3 8. cxd3 Nxd3+ 9. Kf1 e5 10. Be3 f5 11. Qb3 Qc7 12. Qe6+ Be7 13. Qxf5 Nxb2 14. Bh3 Nc4 15. Qc8+ Qxc8 16. Bxc8 0-0 17. Be6+ Kh8 18. Bxc4 b5 19. Be6 Na6 20. Kg2 Nb4 21. Rhd1 Rf6 22. Bb3 Raf8 23. a4 e4 24. axb5 cxb5 25. Nxe4 Rg6 26. Rxa7 Nc6 27. Rc7 Bd8 28. Rcd7 Be7 29. Nf4 Rg4 30. Bd5 Ne5 31. Rxe7 Nc4 32. Bxc4 bxc4 33. Bd4 h5 34. Nxh5 Rxf2+ 35. Nxf2 Rxg3+ 36. hxg3 1-0

[Event "Titled Tuesday intern op 15th Feb Early"]
[Site "Chess.com INT"]
[Date "2022.02.15"]
[Round "11"]
[White "Stefanov, Plamen"]
[Black "Djaparov, Medet"]
[Result "1-0"]
[WhiteElo "2077"]
[BlackElo "1660"]
[PlyCount "119"]
[EventDate "2022.02.15"]
[EventType "swiss (blitz)"]
[EventRounds "11"]
[EventCountry "USA"]
[SourceTitle "CBM 206 Extra"]
[Source "ChessBase"]
[SourceDate "2022.03.31"]
[SourceVersion "1"]
[SourceVersionDate "2022.03.31"]
[SourceQuality "1"]

1. e4 e5 2. Nf3 Nc6 3. Bc4 Nf6 4. Ng5 d5 5. exd5 b5 6. Bf1 Qxd5 7. Nc3 Qd8 8. Bxb5 Bd7 9. Qf3 Nd4 10. Bxd7+ Kxd7 11. Qh3+ Ke8 12. 0-0 h6 13. Nge4 Be7 14. Nxf6+ Bxf6 15. Ne4 Kf8 16. Nxf6 Qxf6 17. c3 Ne2+ 18. Kh1 Nf4 19. Qf3 Re8 20. d4 Ng6 21. Qxf6 gxf6 22. Be3 Kg7 23. d5 Rd8 24. c4 Rb8 25. b3 a6 26. Rfd1 Rhd8 27. Rac1 Ne7 28. Bc5 Nf5 29. h3 Nh4 30. g3 Nf5 31. g4 Nd6 32. Be3 f5 33. c5 Ne4 34. gxf5 Kf6 35. Kg2 Kxf5 36. d6 cxd6 37. c6 Rg8+ 38. Kh2 Rg6 39. c7 Rc8 40. f3 Ng3 41. Rc6 Nh5 42. Bb6 Nf4 43. Rcxd6 Rxd6 44. Rxd6 Ne6 45. Rd7 Kf6 46. a4 Kg6 47. a5 f6 48. b4 Kf5 49. Rd8 Nxd8 50. cxd8Q Rxd8 51. Bxd8 Ke6 52. Kg3 f5 53. Kf2 Kd5 54. Ke3 Kc4 55. Be7 Kd5 56. Kd3 h5 57. Bc5 Kc6 58. Kc4 e4 59. fxe4 fxe4 60. Kd4 1-0

[Event "Titled Tuesday intern op 15th Feb Early"]
[Site "Chess.com INT"]
[Date "2022.02.15"]
[Round "6"]
[White "Stefanov, Plamen"]
[Black "Piliczewski, Bogusz"]
[Result "1-0"]
[WhiteElo "2077"]
[BlackElo "1938"]
[PlyCount "91"]
[EventDate "2022.02.15"]
[EventType "swiss (blitz)"]
[EventRounds "11"]
[EventCountry "USA"]
[SourceTitle "CBM 206 Extra"]
[Source "ChessBase"]
[SourceDate "2022.03.31"]
[SourceVersion "1"]
[SourceVersionDate "2022.03.31"]
[SourceQuality "1"]

1. e4 c6 2. d4 d5 3. e5 c5 4. c3 Bf5 5. Nf3 Nc6 6. Bb5 e6 7. 0-0 Qb6 8. Bxc6+ bxc6 9. Nbd2 cxd4 10. cxd4 Bb4 11. Nb3 Ne7 12. Be3 Bg4 13. Qc1 Bxf3 14. gxf3 Nf5 15. Kh1 0-0 16. Rg1 g6 17. Bh6 Rfc8 18. Rg4 Bf8 19. Qg5 Qd8 20. Bxf8 Qxg5 21. Rxg5 Kxf8 22. Rc1 a5 23. Rg4 a4 24. Nc5 a3 25. b3 Ra7 26. Rd1 h5 27. Rgg1 Rb8 28. Rd3 Rb4 29. Rgd1 Ra5 30. Na4 Ke7 31. Kg2 g5 32. Kf1 Ra8 33. Ke2 Rg8 34. Kd2 g4 35. Kc3 Rbb8 36. f4 h4 37. b4 Rg6 38. Kb3 g3 39. fxg3 hxg3 40. hxg3 Nxg3 41. Kxa3 Ne4 42. Kb3 Nf2 43. Nc5 Nxd1 44. Rxd1 Rg3+ 45. Rd3 Rxd3+ 46. Nxd3 1-0

[Event "Titled Tuesday intern op 08th Feb Early"]
[Site "Chess.com INT"]
[Date "2022.02.08"]
[Round "7"]
[White "Shubenkova, Veronika"]
[Black "Stefanov, Plamen"]
[Result "1-0"]
[WhiteElo "1762"]
[BlackElo "2077"]
[PlyCount "77"]
[EventDate "2022.02.08"]
[EventType "swiss (blitz)"]
[EventRounds "11"]
[EventCountry "USA"]
[SourceTitle "CBM 206 Extra"]
[Source "ChessBase"]
[SourceDate "2022.03.31"]
[SourceVersion "1"]
[SourceVersionDate "2022.03.31"]
[SourceQuality "1"]

1. e4 d5 2. exd5 Nf6 3. Nf3 Nxd5 4. Be2 Bg4 5. d3 e6 6. 0-0 Be7 7. Nc3 0-0 8. Nxd5 exd5 9. Bf4 c5 10. c3 Nc6 11. d4 cxd4 12. Nxd4 Bxe2 13. Nxe2 Qb6 14. Qd2 Rad8 15. Rad1 Rfe8 16. Rfe1 Bf6 17. Ng3 g6 18. Rxe8+ Rxe8 19. Be3 Qb5 20. Ne2 Rd8 21. a3 Na5 22. Nd4 Qa6 23. Bh6 Nc4 24. Qe2 Qb6 25. b4 Nxa3 26. Re1 Bg7 27. Qe8+ Bf8 28. Bxf8 Rxe8 29. Rxe8 h5 30. Bc5+ Kh7 31. Bxb6 axb6 32. Re7 Kg7 33. Rxb7 Nb1 34. Nb5 Nd2 35. Rxb6 Ne4 36. f3 Nxc3 37. Nxc3 d4 38. Ne4 d3 39. Nd2 1-0

[Event "Titled Tuesday intern op 08th Feb Early"]
[Site "Chess.com INT"]
[Date "2022.02.08"]
[Round "2"]
[White "Stefanov, Plamen"]
[Black "Estrada Nieto, Julian"]
[Result "0-1"]
[WhiteElo "2077"]
[BlackElo "2253"]
[PlyCount "80"]
[EventDate "2022.02.08"]
[EventType "swiss (blitz)"]
[EventRounds "11"]
[EventCountry "USA"]
[SourceTitle "CBM 206 Extra"]
[Source "ChessBase"]
[SourceDate "2022.03.31"]
[SourceVersion "1"]
[SourceVersionDate "2022.03.31"]
[SourceQuality "1"]

1. e4 e5 2. Nf3 Nc6 3. Bc4 Bc5 4. c3 d6 5. d3 Nf6 6. Bg5 h6 7. Bh4 a6 8. b4 Ba7 9. Qb3 Qe7 10. 0-0 g5 11. Bg3 Bg4 12. Nbd2 Nh5 13. Kh1 Nf4 14. Bxf4 gxf4 15. h3 Bd7 16. d4 exd4 17. cxd4 Nxd4 18. Nxd4 Bxd4 19. Rae1 0-0-0 20. Nf3 Be5 21. Nxe5 dxe5 22. Bxf7 f3 23. g4 Rhf8 24. Bh5 Be6 25. Qc3 Rd4 26. a3 Qd6 27. Re3 Bc4 28. Rg1 Be2 29. g5 hxg5 30. Bxf3 Bxf3+ 31. Rxf3 Rxf3 32. Qxf3 Kb8 33. Rxg5 Rd3 34. Rg8+ Ka7 35. Qg4 Rxa3 36. h4 Qxb4 37. h5 Qe1+ 38. Kg2 Ra1 39. h6 Qh1+ 40. Kg3 Rg1# 0-1

[Event "Titled Tuesday intern op 25th Jan"]
[Site "Chess.com INT"]
[Date "2022.01.25"]
[Round "6"]
[White "Fernandez Hernandez, Gerardo"]
[Black "Stefanov, Plamen"]
[Result "1-0"]
[WhiteElo "2169"]
[BlackElo "2077"]
[PlyCount "57"]
[EventDate "2022.01.25"]
[EventType "swiss (blitz)"]
[EventRounds "11"]
[EventCountry "USA"]
[SourceTitle "CBM 206 Extra"]
[Source "ChessBase"]
[SourceDate "2022.03.31"]
[SourceVersion "1"]
[SourceVersionDate "2022.03.31"]
[SourceQuality "1"]

1. e4 d6 2. d3 g6 3. g3 Bg7 4. Bg2 e5 5. f4 Nc6 6. Nc3 h5 7. h3 Nh6 8. Nf3 exf4 9. Bxf4 Ne5 10. Qd2 f6 11. 0-0 Be6 12. Rae1 Qd7 13. Kh2 Nxf3+ 14. Rxf3 Ng4+ 15. Kg1 Ne5 16. Bxe5 dxe5 17. Nd5 0-0-0 18. Nxf6 Bxf6 19. Rxf6 Bxh3 20. Rxg6 Rdg8 21. Qg5 Rxg6 22. Qxg6 Bxg2 23. Kxg2 h4 24. gxh4 Qd8 25. Qf5+ Kb8 26. Rh1 Qd4 27. Rf1 Qxb2 28. Qf8+ Rxf8 29. Rxf8# 1-0

[Event "Titled Tuesday intern op 25th Jan"]
[Site "Chess.com INT"]
[Date "2022.01.25"]
[Round "5"]
[White "Stefanov, Plamen"]
[Black "Kosteniuk, Alexandra"]
[Result "0-1"]
[WhiteElo "2077"]
[BlackElo "2516"]
[PlyCount "104"]
[EventDate "2022.01.25"]
[EventType "swiss (blitz)"]
[EventRounds "11"]
[EventCountry "USA"]
[SourceTitle "CBM 206 Extra"]
[Source "ChessBase"]
[SourceDate "2022.03.31"]
[SourceVersion "1"]
[SourceVersionDate "2022.03.31"]
[SourceQuality "1"]

1. e4 c6 2. d4 d5 3. exd5 cxd5 4. c4 Nf6 5. Nc3 Nc6 6. cxd5 Nxd5 7. Qb3 Ndb4 8. Be3 Be6 9. d5 Nxd5 10. Qxb7 Ndb4 11. Bb5 Qc8 12. Bxc6+ Nxc6 13. Qxc8+ Rxc8 14. Nf3 g6 15. 0-0 Bg7 16. Rac1 0-0 17. Rfd1 a5 18. h3 Nb4 19. a3 Bxc3 20. Rxc3 Rxc3 21. bxc3 Nd5 22. Bd4 Rc8 23. Rc1 f6 24. Nd2 Nf4 25. Kf1 Kf7 26. Rb1 Bd5 27. f3 e5 28. Bb6 Rxc3 29. Bxa5 Rxa3 30. Bb4 Ra2 31. Bc3 g5 32. Rb5 Rc2 33. Rc5 Be6 34. Rc7+ Kg6 35. Ne4 Bd5 36. Bxe5 Bxe4 37. fxe4 Rxc7 38. Bxc7 Ne6 39. Bd6 Nd4 40. Kf2 Nb5 41. Bc5 Kf7 42. Ke3 Ke6 43. g4 Nc7 44. Bd4 Nb5 45. Bb2 Nd6 46. Kd4 Nc8 47. Kc5 Ne7 48. Bc3 Ng6 49. Bd2 Ke5 50. Bc3+ Ke6 51. Bd2 Nh4 52. Bc3 Nf3 0-1

[Event "Titled Tuesday intern op 11th Jan"]
[Site "Chess.com INT"]
[Date "2022.01.11"]
[Round "10"]
[White "Stefanov, Plamen"]
[Black "Boraso, Alessio"]
[Result "0-1"]
[WhiteElo "2077"]
[BlackElo "2286"]
[PlyCount "108"]
[EventDate "2022.01.11"]
[EventType "swiss (blitz)"]
[EventRounds "11"]
[EventCountry "USA"]
[SourceTitle "CBM 206 Extra"]
[Source "ChessBase"]
[SourceDate "2022.03.31"]
[SourceVersion "1"]
[SourceVersionDate "2022.03.31"]
[SourceQuality "1"]

1. e4 c5 2. Nf3 Nc6 3. Bb5 Nf6 4. e5 Ng4 5. Bxc6 dxc6 6. h3 Nh6 7. 0-0 g6 8. d3 Bg7 9. Re1 0-0 10. Nc3 Nf5 11. Ne4 b6 12. Bg5 h6 13. Bf4 Be6 14. Qc1 Kh7 15. g4 Nd4 16. Nh2 Bd5 17. c3 Ne6 18. Bg3 Bxe4 19. dxe4 c4 20. Rd1 Qc8 21. f4 Nc5 22. Qe3 Nd3 23. b3 b5 24. f5 Bxe5 25. Rxd3 Bxg3 26. Rd2 Qc7 27. Rf1 Rad8 28. Rxd8 Bxh2+ 29. Kh1 Rxd8 30. fxg6+ fxg6 31. Qf2 Be5 32. Qf7+ Bg7 33. bxc4 Rd2 34. Rf2 Qg3 35. Rxd2 Qe1+ 36. Kg2 Qxd2+ 37. Kf1 Qc1+ 38. Ke2 Qc2+ 39. Kf1 Qd3+ 40. Kg2 Qxe4+ 41. Kf1 Qxc4+ 42. Qxc4 bxc4 43. Ke2 Bxc3 44. Kd1 Bd4 45. Kc2 c3 46. Kd3 c5 47. Kc2 e5 48. Kd3 e4+ 49. Kc2 e3 50. Kd3 c4+ 51. Kc2 e2 52. h4 e1Q 53. h5 Qd2+ 54. Kb1 Qd1# 0-1